[Event "ITA-ch blind 46th"]
[Site "Grisolia Lido"]
[Date "2018.09.06"]
[Round "4.5"]
[White "Rivalta, Paolo"]
[Black "Sommadossi, Roberto"]
[Result "0-1"]
[WhiteElo "1440"]
[BlackElo "1441"]
[PlyCount "42"]
[EventDate "2018.09.03"]
[EventType "swiss"]
[EventRounds "6"]
[EventCountry "ITA"]
[SourceTitle "EXT 2024"]
[Source "ChessBase"]
[SourceDate "2023.10.10"]
[SourceVersion "1"]
[SourceVersionDate "2023.10.10"]
[SourceQuality "1"]

1. Nc3 Nf6 2. e4 d6 3. d3 Nc6 4. Bg5 Nd4 5. Nf3 Bg4 6. h3 Bxf3 7. gxf3 Ne6 8. Bxf6 exf6 9. Nd5 c6 10. Nb4 a5 11. Nxc6 bxc6 12. Qd2 Be7 13. 0-0-0 Nd4 14. f4 0-0 15. Qe3 c5 16. Rg1 Rb8 17. b3 a4 18. f5 axb3 19. cxb3 Qb6 20. Kd2 Qb4+ 21. Kc1 Qc3+ 0-1